Enciclopedia de filosofía : fundamentos de la filosofía marxista /

Se exponen sistemáticamente los fundamentos del materialismo histórico y dialéctico.

Guardado en:
Bibliografiske detaljer
Hovedforfatter: Konstantinov, F.V (autor)
Format: Bog
Sprog:spansk
Udgivet: México : Grijalbo, 1965, c1965
Fag:
Tags: Tilføj Tag
Ingen Tags, Vær først til at tagge denne postø!

MARC

LEADER 00000nam^a2200000^a^4500
001 000046626
005 20250521000000.0
009 20260310090018.531
037 |a Acervo ITESO - Biblioteca 
041 |a ESP 
082 |a 140. 3  |b ENC V.1-1 
100 |a Konstantinov, F.V.  |e (autor) 
245 1 0 |a Enciclopedia de filosofía :  |b fundamentos de la filosofía marxista /  |c F.V. Konstantinov; tr. de Adolfo Sánchez Vázquez y Wenceslao Roces. 
264 4 |a México :  |b Grijalbo,  |c 1965, c1965 
300 |a 696 p. 
336 |a texto  |b txt  |2 rdacontenido 
337 |a sin mediación  |b n  |2 rdamedio 
338 |a volumen  |b nc  |2 rdasoporte 
520 |a Se exponen sistemáticamente los fundamentos del materialismo histórico y dialéctico. 
649 |a XX 
650 |a Filosofía del Siglo XX 
650 |a Marxismo -  |x Aspectos Políticos 
650 |a Materialismo Dialéctico -  |x Teoría 
650 |a Materialismo Histórico -  |x Teoría 
910 |a Fondo General 
920 |a Impresos - Libros 
930 |a Obras de Referencia 
905 |a 102 
901 |a 0500002263  |b IT2  |c REF  |u 20250521 
902 |a https://opac.biblio.iteso.mx/vufind/Record/000046626